| 000 | 00892nam a2200289 a 4500 | ||
|---|---|---|---|
| 008 | 031210s2003 xo a g 0 slo c | ||
| 020 |
_a8080631158 _cDar |
||
| 040 |
_aSNK _bslo _cSNK _eAACR2 |
||
| 041 | 1 | _aslo | |
| 044 |
_axo _cSK |
||
| 072 | 7 |
_a61 _2SNK |
|
| 080 | _a61 | ||
| 080 | _a(035) | ||
| 080 | _a61(035) | ||
| 080 | _a616(035) | ||
| 245 | 1 | 0 |
_aVademecum medici _c[hlavní zostavovatelia: Miroslav Šašinka, Štefan Nyulassy, Ladislav Badalík] |
| 250 | _a6. preprac., aktualizované., dopl. a rozš. vyd. | ||
| 260 |
_aMartin _bOsveta _cc2003 |
||
| 300 |
_a2252 s. _bfotogr., sch., tab. _c21 cm |
||
| 650 | 0 | 7 |
_amedicína praktická _xpríručky _2SNK |
| 650 | 0 | 7 |
_amedicína _2SNK |
| 650 | 0 | 7 |
_aLekárske vedy. Medicína _2SNK |
| 700 | 1 |
_aŠašinka, Miroslav _d1935- _4com |
|
| 700 | 1 |
_aNyulassi, Štefan _4com |
|
| 700 | 1 |
_aBadalík, Ladislav _d1938- _4com |
|
| 958 | _aAPP | ||
| 999 |
_c19917 _d19917 |
||